[Event "POLFINAL MISTRZOSTW POLSKI JUNIOROW 2018 - C11"]
[Site "Szczyrk"]
[Date "1899-12-30"]
[Round "6.9"]
[White "Wieckowski, Michal"]
[Black "Zimny, Jakub"]
[Result "1-0"]
[WhiteTitle "II"]
[BlackTitle "II"]
[WhiteElo "1278"]
[BlackElo "1217"]

1. e4 e5 2. Nf3 Nc6 3. d4 exd4 4. Bc4 Bc5 5. c3 dxc3 6. Nxc3 d6 7. O-O h6 8. Qb3
Qd7 9. Nd5 Nge7 10. Qc3 f6 11. Nf4 Nd8 12. Nh4 g5 13. Nh5 Ng8 14. Bxg8 Qe7 15.
Ng6 Qd7 16. Nxf6# 1-0

[Event "POLFINAL MISTRZOSTW POLSKI JUNIOROW 2018 - C11"]
[Site "Szczyrk"]
[Date "1899-12-30"]
[Round "6.10"]
[White "Klisowski, Bartosz"]
[Black "Bartnik, Michal"]
[Result "1-0"]
[WhiteTitle "II"]
[BlackTitle "II"]
[WhiteElo "1334"]
[BlackElo "1090"]

1. Nf3 d5 2. g3 e6 3. Bg2 f5 4. c4 c6 5. cxd5 cxd5 6. O-O Nf6 7. d3 Bd6 8. Nc3
O-O 9. Bd2 Nbd7 10. Rc1 a6 11. a3 Ne5 12. Nxe5 Bxe5 13. b4 Bd7 14. Qb3 h6 15.
Rc2 Qe7 16. Na4 Bxa4 17. Qxa4 Rfc8 18. Rfc1 Rxc2 19. Qxc2 Qd6 20. Qc5 Qxc5 21.
Rxc5 Nd7 22. Rc2 Bd6 23. Be3 a5 24. Bc5 Bxc5 25. bxc5 Rc8 26. d4 b6 27. c6 Nb8
28. g4 Rxc6 29. Rxc6 Nxc6 30. gxf5 exf5 31. Bxd5+ Kf8 32. Bxc6 Ke7 33. d5 g5 34.
Kg2 Kd6 35. a4 Kc5 36. f3 Kd6 37. e4 fxe4 38. fxe4 Ke5 39. Kf3 h5 40. h3 Kd6 41.
Be8 g4+ 42. hxg4 hxg4+ 43. Kxg4 Ke5 44. Bb5 Kd6 45. Kf5 Ke7 46. e5 Kf7 47. d6
Kf8 48. e6 Kg7 49. d7 Kh6 50. d8=Q Kg7 51. Qf6+ Kh7 52. Qa1 Kg8 53. Kf6 Kf8 54.
Qa3+ Kg8 55. Qg3+ Kh8 56. Qg7# 1-0

[Event "POLFINAL MISTRZOSTW POLSKI JUNIOROW 2018 - C11"]
[Site "Szczyrk"]
[Date "1899-12-30"]
[Round "6.11"]
[White "Palasz, Jakub"]
[Black "Kubik, Rafal"]
[Result "0-1"]
[WhiteTitle "II"]
[BlackTitle "III"]
[WhiteElo "1157"]
[BlackElo "1264"]

1. e4 e5 2. Nf3 Nc6 3. Bc4 Bc5 4. d3 Nf6 5. Nc3 O-O 6. Bg5 h6 7. Bh4 Be7 8. O-O
d6 9. h3 Be6 10. Bb3 Nd7 11. Bxe7 Qxe7 12. Qd2 Nc5 13. d4 exd4 14. Nxd4 Nxd4 15.
Qxd4 Nxb3 16. axb3 a6 17. Rad1 Rfe8 18. Rfe1 Rad8 19. e5 Qg5 20. h4 Qg6 21. Qb4
dxe5 22. Rxd8 Rxd8 23. Qxb7 Qxc2 24. Qxc7 Rd7 25. Qxe5 Qxb2 26. Rb1 Qc2 27. Qb8+
Kh7 28. Qb4 Rd2 29. Qe4+ Bf5 30. Qxc2 Rxc2 31. Na4 Rxf2 32. Kxf2 Bxb1 33. Ke3
Kg6 34. Kd4 Kh5 35. Kc5 Bc2 36. Kc4 Kxh4 37. Nc3 Kg3 38. b4 Kxg2 39. Nd5 Be4 40.
Kc5 Bxd5 41. Kxd5 h5 42. Kc6 h4 43. Kb6 h3 44. Kxa6 h2 45. b5 h1=Q 46. b6 Qa1+
47. Kb7 Kf3 48. Kb8 Ke4 49. b7 Kd5 50. Kc8 Qa6 51. Kc7 Qc6+ 52. Kb8 Kc5 53. Ka7
Qb6+ 54. Ka8 Qa6+ 55. Kb8 Kc6 0-1

[Event "POLFINAL MISTRZOSTW POLSKI JUNIOROW 2018 - C11"]
[Site "Szczyrk"]
[Date "1899-12-30"]
[Round "6.12"]
[White "Bartoszczuk, Adam"]
[Black "Rozek, Michal"]
[Result "1/2-1/2"]
[WhiteTitle "II+"]
[BlackTitle "II"]
[WhiteElo "1255"]
[BlackElo "1219"]

1. e4 d6 2. d4 Nf6 3. Nc3 g6 4. f4 Bg7 5. Nf3 O-O 6. Bd3 c6 7. O-O Nbd7 8. Qe1
e6 9. Qh4 b5 10. f5 e5 11. Bg5 a5 12. Ne2 Ba6 13. c3 a4 14. Rac1 c5 15. d5 c4
16. Bb1 Nc5 17. Rcd1 Bb7 18. fxg6 fxg6 19. Ng3 Qd7 20. h3 a3 21. Be3 Rac8 22.
Bxc5 dxc5 23. Ng5 h6 24. Ne6 g5 25. Nxg5 hxg5 26. Qxg5 Nh7 27. Qg6 Rf6 28. Rxf6
Nxf6 29. Nf5 Rf8 30. d6 b4 31. Ne7+ Kh8 32. Qg5 Kg8 33. Qg6+ Kh8 34. Nf5 Rf7 35.
Ne7 Rf8 36. Qg5 1/2-1/2

[Event "POLFINAL MISTRZOSTW POLSKI JUNIOROW 2018 - C11"]
[Site "Szczyrk"]
[Date "1899-12-30"]
[Round "6.13"]
[White "Wilgosz, Szczepan"]
[Black "Gromek, Pawel"]
[Result "1-0"]
[WhiteTitle "II"]
[BlackTitle "II"]
[WhiteElo "1092"]
[BlackElo "1242"]

1. e4 e6 2. d4 d5 3. Nd2 Nf6 4. Bd3 c5 5. c3 Nc6 6. Ngf3 dxe4 7. Nxe4 cxd4 8. cxd4
Bb4+ 9. Bd2 Bxd2+ 10. Qxd2 O-O 11. O-O Nxd4 12. Nxf6+ Qxf6 13. Nxd4 Rd8 14. Rfd1
e5 15. Nc6 Rd7 16. Nxe5 Qxe5 17. Re1 Qxe1+ 18. Rxe1 Rd8 19. Bxh7+ Kxh7 20. Qxd8
a5 21. Re8 Ra6 22. Qxc8 Rd6 23. Qc2+ g6 1-0

[Event "POLFINAL MISTRZOSTW POLSKI JUNIOROW 2018 - C11"]
[Site "Szczyrk"]
[Date "1899-12-30"]
[Round "6.14"]
[White "Oklinski, Franciszek"]
[Black "Kazmierowski, Tymon"]
[Result "1/2-1/2"]
[WhiteTitle "III"]
[BlackTitle "II"]
[WhiteElo "1073"]
[BlackElo "1408"]

1. d4 d5 2. c4 e6 3. Nc3 c6 4. Nf3 Bd6 5. c5 Bc7 6. b4 Nf6 7. Bg5 Nbd7 8. e3 h6
9. Bh4 e5 10. Be2 O-O 11. O-O e4 12. Nd2 Re8 13. Re1 Nf8 14. f3 exf3 15. Bxf3
Ng6 16. Bf2 Bf5 17. e4 dxe4 18. Ndxe4 Nxe4 19. Nxe4 Bxe4 20. Bxe4 Qg5 21. Bf3
Rxe1+ 22. Qxe1 Qf4 23. Bg3 Qxd4+ 24. Bf2 Qe5 25. Qxe5 Bxe5 26. Rd1 Nf8 27. a4
a6 28. b5 axb5 29. axb5 Rc8 30. Bg4 Ne6 1/2-1/2

[Event "POLFINAL MISTRZOSTW POLSKI JUNIOROW 2018 - C11"]
[Site "Szczyrk"]
[Date "1899-12-30"]
[Round "6.15"]
[White "Turowski, Maciej"]
[Black "Banaczyk, Piotr"]
[Result "1/2-1/2"]
[WhiteTitle "II"]
[BlackTitle "II"]
[WhiteElo "1370"]
[BlackElo "1125"]

1. d4 d5 2. c4 e6 3. Nc3 c5 4. cxd5 exd5 5. h3 cxd4 6. Qxd4 Nf6 7. e3 Nc6 8. Bb5
a6 9. Bxc6+ bxc6 10. Nge2 Be7 11. O-O O-O 12. Rd1 Bf5 13. Qd2 Ne4 14. Nxe4 Bxe4
15. Ng3 Bg6 16. b3 Bh4 17. Nf1 Bf6 18. Bb2 Re8 19. Bxf6 Qxf6 20. Ng3 h5 21. Rac1
Rac8 22. Rc5 Red8 23. Ne2 h4 24. Rdc1 Be4 25. Nd4 Rd6 26. f3 Bf5 27. Nxf5 Qxf5
28. e4 Qd7 29. exd5 Rxd5 30. Rxd5 cxd5 1/2-1/2

[Event "POLFINAL MISTRZOSTW POLSKI JUNIOROW 2018 - C11"]
[Site "Szczyrk"]
[Date "1899-12-30"]
[Round "6.16"]
[White "Nagly, Wojciech"]
[Black "Zaborski, Igor"]
[Result "1/2-1/2"]
[WhiteTitle "II"]
[BlackTitle "II"]
[WhiteElo "1116"]
[BlackElo "1323"]

1. e4 c6 2. Nf3 d5 3. Nc3 Bg4 4. h3 Bh5 5. exd5 Nf6 6. dxc6 Nxc6 7. Bb5 e6 8. g4
Bg6 9. Ne5 Qc7 10. d4 O-O-O 11. Nxc6 bxc6 12. Ba6+ Kb8 13. Be3 Nd5 14. Bd2 Nb4
15. Bd3 Bxd3 16. cxd3 Nxd3+ 17. Kf1 Rxd4 18. Be3 Rd8 19. Qb3+ Qb7 20. Qxb7+ Kxb7
21. b3 Nb4 22. Rc1 Nd5 23. Nxd5 cxd5 24. Ke2 Be7 25. Bxa7 Ra8 26. Bd4 Rxa2+ 27.
Kf3 f6 28. Ra1 Rha8 29. Rae1 R2a6 30. Kg2 Bb4 31. Rd1 e5 32. Be3 d4 33. Bd2 Bxd2
34. Rxd2 Rb6 35. Rb2 e4 36. Re1 Re8 37. Rd2 Rd6 38. Kg3 g5 39. h4 Kc6 40. hxg5
fxg5 41. Rc1+ Kb6 42. Rh1 h6 43. Rhd1 d3 44. Re1 Kb5 45. Rb1 Rf8 46. Ra1 Rf3+
47. Kg2 Rdf6 48. Rh1 Kb4 49. Rb1 R6f4 50. Rh1 Rxg4+ 51. Kf1 Rh4 52. Rxh4 gxh4
53. Ra2 Kxb3 54. Ra6 d2 55. Ke2 Rd3 56. Kd1 Rf3 57. Kxd2 h5 58. Ra5 h3 59. Rxh5
Kc4 60. Ke2 Kd4 61. Rh8 Ke5 62. Re8+ Kf5 63. Rg8 Ra3 64. Rg7 Kf4 65. Rh7 Kg4 66.
Rg7+ Kf4 67. Rh7 Kg5 68. Rh8 e3 69. fxe3 h2 70. Kf3 1/2-1/2

[Event "POLFINAL MISTRZOSTW POLSKI JUNIOROW 2018 - C11"]
[Site "Szczyrk"]
[Date "1899-12-30"]
[Round "6.17"]
[White "Jakubiec, Maurycy"]
[Black "Kubaszewski, Piotr"]
[Result "1-0"]
[WhiteTitle "IV"]
[BlackTitle "II"]
[WhiteElo "1016"]
[BlackElo "1238"]

1. e4 c5 2. Nf3 d6 3. d4 cxd4 4. Nxd4 Nf6 5. Nc3 g6 6. Be3 Bg7 7. Qd2 Ng4 8. f3
Nxe3 9. Qxe3 Qb6 10. O-O-O Nc6 11. Nce2 e5 12. c3 exd4 13. cxd4 Qc7 14. Nc3 O-O
15. g4 Bd7 16. h4 Rac8 17. h5 Qb6 18. hxg6 fxg6 19. Bc4+ Kh8 20. Rxh7+ 1-0

[Event "POLFINAL MISTRZOSTW POLSKI JUNIOROW 2018 - C11"]
[Site "Szczyrk"]
[Date "1899-12-30"]
[Round "6.18"]
[White "Gradzki, Artur"]
[Black "Pawlowski, Kamil"]
[Result "1-0"]
[WhiteTitle "II"]
[BlackTitle "II"]
[WhiteElo "1157"]
[BlackElo "1013"]

1. e4 e5 2. Nf3 Nc6 3. Bc4 Bc5 4. c3 Nf6 5. d4 exd4 6. cxd4 Bb4+ 7. Bd2 Nxe4 8.
Bxf7+ Kxf7 9. Qb3+ d5 10. Bxb4 Nxb4 11. Qxb4 Re8 12. O-O b6 13. Nc3 c5 14. dxc5
bxc5 15. Qb3 Nxc3 16. Qxc3 Qd6 17. Rac1 Ba6 18. Rfe1 Rxe1+ 19. Rxe1 d4 20. Qb3+
Kf6 21. Nd2 Qb6 22. Ne4+ Kf5 23. Qf7+ Kg4 24. Qf3+ Kh4 25. Qg3+ Kh5 26. Qg5# 1-0

[Event "POLFINAL MISTRZOSTW POLSKI JUNIOROW 2018 - C11"]
[Site "Szczyrk"]
[Date "1899-12-30"]
[Round "6.21"]
[White "Michno, Mateusz"]
[Black "Zmuda, Tomasz"]
[Result "0-1"]
[WhiteTitle "III"]
[BlackTitle "II"]
[WhiteElo "1138"]
[BlackElo "1174"]

1. e4 c5 2. Nf3 e6 3. Nc3 Nc6 4. Bc4 Nf6 5. O-O Be7 6. d3 O-O 7. Bf4 d5 8. exd5
exd5 9. Bb3 Bg4 10. h3 Bxf3 11. Qxf3 Nd4 12. Qe3 Nxb3 13. axb3 d4 0-1

[Event "POLFINAL MISTRZOSTW POLSKI JUNIOROW 2018 - C11"]
[Site "Szczyrk"]
[Date "1899-12-30"]
[Round "7.1"]
[White "Rylski, Tadeusz"]
[Black "Jaworski, Tymon"]
[Result "1/2-1/2"]
[WhiteTitle "II"]
[BlackTitle "II"]
[WhiteElo "1407"]
[BlackElo "1459"]

1. d4 Nf6 2. c4 g6 3. Nc3 Bg7 4. e4 d6 5. f3 Nbd7 6. Be3 O-O 7. Nge2 e5 8. d5 Nc5
9. b4 Na6 10. Rb1 Nd7 11. Nc1 f5 12. exf5 Rxf5 13. h4 Nf8 14. Bd3 Rf7 15. Qc2
Bf5 16. Ne4 Nb8 17. h5 Nbd7 18. hxg6 hxg6 19. Qd2 Nf6 20. Bg5 N8h7 21. Bxf6 Bxf6
22. Ne2 Ng5 23. N2g3 Nxe4 24. Nxe4 Rg7 25. Qh6 Kf7 26. Qe3 b6 27. Rh6 Bh4+ 28.
Ke2 Qe7 29. Rh1 Bf6 30. g4 Bxe4 31. Qxe4 Rag8 32. Rh7 Kf8 33. Rxg7 Qxg7 34. Qe3
Qe7 35. Rh6 Bg5 36. f4 Bxh6 37. g5 Bg7 38. Kd1 Qf7 39. Qh3 Qe8 40. Qf3 Ke7 41.
fxe5 Bxe5 42. Qg4 Qf7 43. c5 Qxd5 44. Kc2 bxc5 45. Bc4 Qxc4+ 46. Qxc4 1/2-1/2

[Event "POLFINAL MISTRZOSTW POLSKI JUNIOROW 2018 - C11"]
[Site "Szczyrk"]
[Date "1899-12-30"]
[Round "7.2"]
[White "Klim, Filip"]
[Black "Fojcik, Kacper"]
[Result "1-0"]
[WhiteTitle "I"]
[BlackTitle "III"]
[WhiteElo "1451"]
[BlackElo "1190"]

1. e4 c6 2. d4 d5 3. e5 c5 4. dxc5 Nc6 5. Nf3 e6 6. Be3 Nh6 7. Bb5 Nf5 8. Qd2 Bd7
9. Bxc6 Bxc6 10. O-O Be7 11. Nc3 Nxe3 12. Qxe3 Qa5 13. a3 Qxc5 14. Nd4 Qb6 15.
b4 Qc7 16. f4 h6 17. Kh1 O-O 18. Qg3 Rfe8 19. f5 Bf8 20. fxe6 fxe6 21. Rf6 Kh8
22. Nxe6 Qd7 23. Nxf8 Rxf8 24. Rd6 Qf7 25. Kg1 Rad8 26. Rxd8 Rxd8 27. b5 Bd7 28.
Rd1 Be6 29. Ne2 Qc7 30. Nd4 Bg8 31. Rd3 Re8 32. Re3 Qc8 33. a4 Qd7 34. Qe1 Be6
35. Qb4 Bg8 36. Qc5 b6 37. Qc6 Qe7 38. e6 Rf8 39. Qxd5 Qb4 40. Nf3 Qe7 41. Qd7
Qxd7 42. exd7 Rd8 43. Re7 Kh7 44. Ne5 1-0

[Event "POLFINAL MISTRZOSTW POLSKI JUNIOROW 2018 - C11"]
[Site "Szczyrk"]
[Date "1899-12-30"]
[Round "7.3"]
[White "Wolski, Michal"]
[Black "Miler, Franciszek"]
[Result "0-1"]
[WhiteTitle "II"]
[BlackTitle "II"]
[WhiteElo "1364"]
[BlackElo "1345"]

1. e4 c5 2. Nf3 d6 3. d4 cxd4 4. Nxd4 Nf6 5. Nc3 g6 6. Be3 Bg7 7. f3 O-O 8. Qd2
Nc6 9. O-O-O d5 10. Kb1 Rb8 11. Nb3 dxe4 12. Qxd8 Rxd8 13. Rxd8+ Nxd8 14. Nxe4
Nxe4 15. fxe4 a6 16. Be2 Nc6 17. Rd1 b5 18. Nc5 a5 19. Nd7 Bxd7 20. Rxd7 Be5 21.
Rd5 Bxh2 22. Rxb5 Rd8 23. Rd5 Bc7 24. Rxd8+ Bxd8 25. c4 e5 26. c5 f5 27. exf5
gxf5 28. Bf3 e4 29. Be2 Bc7 30. Bc4+ Kg7 31. Kc2 f4 32. Bg1 Kf6 33. Kd2 e3+ 34.
Ke2 Kg5 35. a3 Be5 36. b3 Bb2 37. a4 Ba3 38. g3 Bxc5 39. gxf4+ Kxf4 40. Bh2+ Kg5
41. Bg1 Nd4+ 42. Kf1 Nf3 43. Be2 Kf4 44. Bxf3 Kxf3 45. Ke1 Bb4+ 0-1

[Event "POLFINAL MISTRZOSTW POLSKI JUNIOROW 2018 - C11"]
[Site "Szczyrk"]
[Date "1899-12-30"]
[Round "7.4"]
[White "Bochenek, Ryszard"]
[Black "Wieckowski, Michal"]
[Result "1-0"]
[WhiteTitle "II"]
[BlackTitle "II"]
[WhiteElo "1391"]
[BlackElo "1278"]

1. Nf3 f5 2. d4 d6 3. g3 g6 4. Bg2 Nf6 5. b3 Bg7 6. Bb2 O-O 7. O-O c6 8. Nbd2 Na6
9. c4 Qe8 10. e3 Ne4 11. Nxe4 fxe4 12. Nd2 d5 13. cxd5 cxd5 14. Ba3 Rf7 15. Rc1
Bd7 16. Nb1 Bb5 17. Re1 Qf8 18. Qd2 Rf5 19. Bh3 Rh5 20. Bg4 Rg5 21. Qd1 Qf6 22.
h4 Rxg4 23. Qxg4 h5 24. Qg5 Qxg5 25. hxg5 Kf7 26. Nc3 Bc6 27. b4 Nc7 28. Rf1 e5
29. Ne2 Nb5 30. Bb2 Ke6 31. dxe5 Bxe5 32. Bxe5 Kxe5 33. a4 Na3 34. b5 Bd7 35.
Rc7 Bh3 36. Rfc1 b6 37. R1c6 1-0

[Event "POLFINAL MISTRZOSTW POLSKI JUNIOROW 2018 - C11"]
[Site "Szczyrk"]
[Date "1899-12-30"]
[Round "7.5"]
[White "Wydmanski, Szymon"]
[Black "Cieply, Krzysztof"]
[Result "1/2-1/2"]
[WhiteTitle "II"]
[BlackTitle "II"]
[WhiteElo "1225"]
[BlackElo "1362"]

1. e4 c5 2. Nf3 Nc6 3. d4 cxd4 4. Nxd4 Nf6 5. Nc3 e5 6. Ndb5 d6 7. Bg5 a6 8. Na3
b5 9. Nd5 Be7 10. Bxf6 Bxf6 11. c3 O-O 12. Nc2 Bg5 13. a4 bxa4 14. Rxa4 a5 15.
Bc4 Rb8 16. b3 Kh8 17. Nce3 Be6 18. h4 Bh6 19. g4 Bxe3 20. Nxe3 Bxc4 21. Nxc4
Qc7 22. O-O Rbd8 23. f3 Rd7 24. Ne3 Ne7 25. Rc4 Qb6 26. Re1 Rfd8 27. Kh1 d5 28.
exd5 Nxd5 29. Nxd5 Rxd5 30. Qe2 Qxb3 31. Qe4 Rd1 32. Rc7 h6 33. Kg2 Qb2+ 34. Kg3
R1d2 35. Qxe5 Rg2+ 36. Kf4 Qd2+ 37. Qe3 Qd6+ 38. Qe5 Qa6 39. g5 h5 40. Qc5 Qd3
41. Rxf7 Qd2+ 42. Qe3 Qd6+ 43. Qe5 Qd2+ 44. Qe3 1/2-1/2

[Event "POLFINAL MISTRZOSTW POLSKI JUNIOROW 2018 - C11"]
[Site "Szczyrk"]
[Date "1899-12-30"]
[Round "7.6"]
[White "Kubik, Rafal"]
[Black "Demski, Michal"]
[Result "0-1"]
[WhiteTitle "III"]
[BlackTitle "I"]
[WhiteElo "1264"]
[BlackElo "1597"]

1. e4 e5 2. Nf3 Nc6 3. Bc4 Bc5 4. c3 Nf6 5. d4 exd4 6. e5 d5 7. Bb5 Ne4 8. cxd4
Bb6 9. Nc3 Bf5 10. Be3 O-O 11. a3 Bg4 12. h3 Bxf3 13. gxf3 Nxc3 14. bxc3 f5 15.
f4 Ba5 16. Qc2 Qh4 17. O-O-O Ne7 18. Qd2 c6 19. Bd3 b5 20. Rdg1 Bd8 21. Be2 Ng6
22. Rg3 a5 23. Rf3 Ra7 24. Qd3 Be7 25. Kb2 b4 26. a4 bxc3+ 27. Kxc3 Bb4+ 28. Kc2
Rb7 29. Rb1 Ne7 30. Qd1 Rc7 31. Kd3 Ng6 32. Bd2 c5 33. dxc5 Nxe5+ 0-1

[Event "POLFINAL MISTRZOSTW POLSKI JUNIOROW 2018 - C11"]
[Site "Szczyrk"]
[Date "1899-12-30"]
[Round "7.7"]
[White "Karp, Kacper"]
[Black "Pelka, Maciej"]
[Result "1-0"]
[WhiteTitle "II+"]
[BlackTitle "II"]
[WhiteElo "1534"]
[BlackElo "1328"]

1. e4 c5 2. Nf3 Nc6 3. d4 cxd4 4. Nxd4 g6 5. c4 Nf6 6. Nc3 d6 7. Be2 Nxd4 8. Qxd4
Bg7 9. Be3 O-O 10. Qd2 Be6 11. O-O a5 12. b3 Qc8 13. f3 Nd7 14. Rac1 Nc5 15. Nd5
Bxd5 16. cxd5 b6 17. Bd4 f6 18. Rc3 Qd7 19. Rfc1 Rfc8 20. a3 a4 21. b4 Nb3 22.
Rxc8+ Rxc8 23. Rxc8+ Qxc8 24. Qc3 Qb7 25. Qc6 Qb8 26. Qxb6 Qc8 27. Qc6 Qb8 28.
Bb6 f5 29. Bb5 Kf7 30. Bxa4 Bd4+ 31. Bxd4 Nxd4 32. Qc4 Qa7 33. Kf1 Qxa4 34. Qxd4
Qxa3 35. Ke2 Qa2+ 36. Qd2 Qc4+ 37. Ke3 g5 38. exf5 Qf4+ 39. Ke2 Qc4+ 40. Kf2 Qh4+
41. Kg1 h6 42. h3 Qc4 43. Kh2 Kg7 44. Qb2+ Kf7 45. b5 Qxd5 46. b6 Qb7 47. Qb5
d5 48. Qa5 Qb8+ 49. Kh1 Qf4 50. Qxd5+ Kf8 51. b7 Qc1+ 52. Kh2 Qc7+ 53. Kg1 Qc1+
54. Kf2 Qc2+ 55. Kg3 Qc7+ 56. Kg4 Kg7 57. Kh5 Qf4 58. Qe4 Qd6 59. b8=Q Qxb8 60.
Qxe7+ Kh8 61. Qf6+ Kh7 62. Qf7+ Kh8 63. Kg6 Qb6+ 64. Qf6+ Qxf6+ 65. Kxf6 g4 66.
fxg4 h5 67. gxh5 Kh7 68. g4 Kg8 69. g5 Kh8 70. g6 Kg8 71. g7 Kh7 72. Kf7 Kh6 73.
g8=Q Kxh5 74. Qg4+ Kh6 75. Qg6# 1-0

[Event "POLFINAL MISTRZOSTW POLSKI JUNIOROW 2018 - C11"]
[Site "Szczyrk"]
[Date "1899-12-30"]
[Round "7.8"]
[White "Duda, Leon"]
[Black "Starosciak, Szymon"]
[Result "0-1"]
[WhiteTitle "II"]
[BlackTitle "II"]
[WhiteElo "1268"]
[BlackElo "1419"]

1. e4 c5 2. Nf3 d6 3. c3 Nf6 4. Bd3 a6 5. Bc2 c4 6. d4 cxd3 7. Qxd3 e5 8. Bg5 Be6
9. Nbd2 Nbd7 10. Nb3 Be7 11. Bxf6 Nxf6 12. h3 Qc7 13. O-O-O a5 14. Kb1 a4 15.
Nbd2 O-O 16. g4 Rfc8 17. Ng1 a3 18. Bb3 axb2 19. Kxb2 Qc5 20. a4 d5 21. exd5 Nxd5
22. Nc4 Nf4 0-1

[Event "POLFINAL MISTRZOSTW POLSKI JUNIOROW 2018 - C11"]
[Site "Szczyrk"]
[Date "1899-12-30"]
[Round "7.9"]
[White "Jendrowiak, Maciej"]
[Black "Klisowski, Bartosz"]
[Result "1/2-1/2"]
[WhiteTitle "II"]
[BlackTitle "II"]
[WhiteElo "1266"]
[BlackElo "1334"]

1. d4 Nf6 2. c4 g6 3. Nc3 d5 4. Nf3 Bg7 5. Bg5 Ne4 6. Bf4 c5 7. cxd5 Nxc3 8. bxc3
Qxd5 9. e3 O-O 10. g3 cxd4 11. exd4 Bg4 12. Bg2 Rc8 13. Qd3 Bf5 14. Qe3 Be4 15.
O-O e6 16. Rfe1 Bxf3 17. Bxf3 Qd7 18. Rab1 Nc6 19. Rb2 Re8 20. Reb1 b6 21. Rd2
Rac8 22. Be2 Qd8 23. Ba6 Ra8 24. Bb7 Na5 25. Ba6 Qd5 26. Qe2 Red8 27. Rbd1 Bf8
28. c4 Qf5 29. d5 exd5 30. Rxd5 Rxd5 31. Rxd5 Qf6 32. Qe4 Qc6 33. Bb5 Qc8 34.
Rd7 a6 35. Qd5 Qe8 36. Ba4 Rc8 37. Rc7 Qe1+ 38. Kg2 Rxc7 39. Bxc7 Qb4 40. Be8
Qe7 41. Bxb6 Nxc4 42. Qxc4 Qxe8 43. Ba5 Qa8+ 44. f3 Qb7 45. Bc3 Qb6 46. Bd4 1/2-1/2

[Event "POLFINAL MISTRZOSTW POLSKI JUNIOROW 2018 - C11"]
[Site "Szczyrk"]
[Date "1899-12-30"]
[Round "7.10"]
[White "Zimny, Jakub"]
[Black "Wilgosz, Szczepan"]
[Result "1-0"]
[WhiteTitle "II"]
[BlackTitle "II"]
[WhiteElo "1217"]
[BlackElo "1092"]

1. e4 e5 2. Nf3 Nc6 3. d4 exd4 4. Nxd4 Qf6 5. Nb5 Bc5 6. f3 Bb6 7. N1c3 Nge7 8.
h4 a6 9. Bg5 Qe5 10. Bxe7 Qg3+ 11. Kd2 Nxe7 12. Na3 Qf4+ 13. Ke1 h5 14. Qd2 Be3
15. Qd3 b5 16. Ke2 Bb6 17. Kd1 b4 18. Ne2 Qf6 19. Nc4 Ba7 20. Kc1 Nc6 21. a3 Ne5
22. Nxe5 Qxe5 23. axb4 Rb8 24. Ra5 Qf6 25. c3 Qh6+ 26. Kc2 Qe3 27. Qxe3 Bxe3 28.
Kd3 Bf2 29. Nf4 Rb5 30. Nd5 Rxa5 31. bxa5 Kd8 32. Kc4 Rh6 33. b4 Bb7 34. Nf4 Bg3
35. Nd3 Bc6 36. Kb3 Ke7 37. Rh3 Rg6 38. Nc5 Bb5 39. Bxb5 axb5 40. a6 Rh6 41. Rxg3
g6 42. Rh3 Rh8 43. Rh1 Ra8 44. Ra1 d6 45. Nd3 Kd7 46. c4 Kc6 47. c5 dxc5 48. bxc5
Kd7 49. Kb4 f6 50. a7 c6 51. Ra6 Kc7 52. Ka5 Kb7 53. Nb4 1-0

[Event "POLFINAL MISTRZOSTW POLSKI JUNIOROW 2018 - C11"]
[Site "Szczyrk"]
[Date "1899-12-30"]
[Round "7.11"]
[White "Grzadka, Artur"]
[Black "Gradzki, Artur"]
[Result "1-0"]
[WhiteTitle "II"]
[BlackTitle "II"]
[WhiteElo "1333"]
[BlackElo "1157"]

1. e4 e5 2. Nf3 Nc6 3. Bc4 Bc5 4. O-O Nf6 5. d4 Nxd4 6. Nxe5 O-O 7. Be3 Ne6 8.
Bxe6 Bxe3 9. Bxf7+ Rxf7 10. Nxf7 Kxf7 11. fxe3 Qe7 12. Nc3 Kg8 13. Qd4 d6 14.
Nd5 Nxd5 15. Qxd5+ Qe6 16. Rf2 c6 17. Raf1 Bd7 18. Qxe6+ Bxe6 19. h3 h6 20. Kh2
Re8 21. b3 d5 22. exd5 Bxd5 23. c4 Be6 24. e4 Rd8 25. Re2 b5 26. cxb5 cxb5 27.
Rc1 Rd7 28. Rc5 Rb7 29. Rec2 Kh7 30. Rc7 Rxc7 31. Rxc7 a5 32. Ra7 a4 33. bxa4
Bxa2 34. axb5 Bb1 35. b6 Bxe4 36. b7 Bxb7 37. Rxb7 Kg6 38. Kg3 Kf6 39. Kh4 Kg6
40. g4 Kf6 41. Kh5 g6+ 42. Kxh6 g5 43. Rb5 1-0

[Event "POLFINAL MISTRZOSTW POLSKI JUNIOROW 2018 - C11"]
[Site "Szczyrk"]
[Date "1899-12-30"]
[Round "7.12"]
[White "Goral, Antoni"]
[Black "Bartoszczuk, Adam"]
[Result "0-1"]
[WhiteTitle "II"]
[BlackTitle "II+"]
[WhiteElo "1011"]
[BlackElo "1255"]

1. d4 d5 2. Nf3 Nf6 3. Bg5 e6 4. e3 Be7 5. Bd3 O-O 6. Nbd2 b6 7. O-O Bb7 8. Qe2
Nbd7 9. e4 dxe4 10. Nxe4 Nxe4 11. Bxe7 Qxe7 12. Bxe4 Bxe4 13. Qxe4 c5 14. c3 Nf6
15. Qd3 Rfd8 16. Ne5 Qd6 17. Rad1 cxd4 18. Qxd4 Qxd4 19. Rxd4 Rxd4 20. cxd4 Rc8
21. Nd3 g6 22. Rc1 Rd8 23. Rc4 a5 24. a4 Kf8 25. f3 Nd5 26. Kf2 f6 27. g3 Ke7
28. f4 Kd6 29. Kf3 Rd7 30. h3 Rc7 31. Rxc7 Nxc7 32. Ke4 f5+ 33. Kf3 Kd5 34. Ke3
b5 35. b3 bxa4 36. bxa4 Na6 37. g4 Kc4 38. g5 Nb4 39. Nc5 Nc2+ 40. Kd2 Nxd4 41.
Nd3 Nb3+ 42. Kc2 Nc5 43. Nxc5 Kxc5 44. Kc3 Kd5 45. Kd3 e5 46. fxe5 Kxe5 47. Ke3
f4+ 48. Kf3 Kf5 49. h4 Ke5 50. Kf2 Ke4 51. Ke2 f3+ 52. Kf2 Kf4 53. Kf1 Kg4 54.
Kf2 Kxh4 55. Kxf3 Kxg5 56. Kg3 h5 57. Kh3 Kf4 58. Kh4 g5+ 59. Kh3 g4+ 60. Kg2
h4 61. Kf2 h3 62. Kg1 g3 63. Kf1 g2+ 64. Kg1 Kf3 65. Kh2 Kf2 66. Kxh3 g1=Q 67.
Kh4 Qg6 68. Kh3 Qg3# 0-1

[Event "POLFINAL MISTRZOSTW POLSKI JUNIOROW 2018 - C11"]
[Site "Szczyrk"]
[Date "1899-12-30"]
[Round "7.13"]
[White "Rozek, Michal"]
[Black "Jakubiec, Maurycy"]
[Result "1-0"]
[WhiteTitle "II"]
[BlackTitle "IV"]
[WhiteElo "1219"]
[BlackElo "1016"]

1. e4 c5 2. Nf3 d6 3. c3 e6 4. Be2 Nf6 5. O-O Nbd7 6. d3 Be7 7. Nbd2 O-O 8. d4
Qc7 9. Re1 a6 10. a4 b6 11. Bf1 cxd4 12. cxd4 Bb7 13. b3 Qc3 14. Ba3 e5 15. Rc1
Qxc1 16. Qxc1 Rac8 17. Qb2 exd4 18. Nxd4 Rc7 19. Nf5 Nc5 20. Bxc5 dxc5 21. Nxe7+
Rxe7 22. f3 Rd8 23. Nc4 Re6 24. e5 Nh5 25. Qc1 Rg6 26. Rd1 Rxd1 27. Qxd1 h6 28.
Qd8+ Kh7 29. Bd3 1-0

[Event "POLFINAL MISTRZOSTW POLSKI JUNIOROW 2018 - C11"]
[Site "Szczyrk"]
[Date "1899-12-30"]
[Round "7.14"]
[White "Kazmierowski, Tymon"]
[Black "Nagly, Wojciech"]
[Result "1-0"]
[WhiteTitle "II"]
[BlackTitle "II"]
[WhiteElo "1408"]
[BlackElo "1116"]

1. e4 e5 2. Nf3 Nc6 3. Bc4 Nf6 4. Ng5 d5 5. exd5 Nd4 6. c3 b5 7. Bf1 Nxd5 8. Ne4
Qh4 9. Ng3 Bg4 10. f3 Nf5 11. Bxb5+ Kd8 12. fxg4 Nxg3 13. Qf3 Nxh1+ 14. g3 e4
15. Qxf7 Qe7 16. Qxd5+ Qd6 17. Qxa8+ Ke7 18. Qxe4+ Qe6 19. Qxe6+ Kxe6 20. d4 Bd6
21. Bf4 Rf8 22. Bxd6 cxd6 23. Nd2 Rf2 24. O-O-O Rxh2 25. Nf3 Rh6 26. Re1+ Kf7
27. Be8+ Kf8 28. Bh5 Nxg3 29. g5 Nh1 1-0

[Event "POLFINAL MISTRZOSTW POLSKI JUNIOROW 2018 - C11"]
[Site "Szczyrk"]
[Date "1899-12-30"]
[Round "7.15"]
[White "Bartnik, Michal"]
[Black "Turowski, Maciej"]
[Result "0-1"]
[WhiteTitle "II"]
[BlackTitle "II"]
[WhiteElo "1090"]
[BlackElo "1370"]

1. e4 Nf6 2. e5 Nd5 3. d4 d6 4. Nf3 Nc6 5. Bb5 Bd7 6. exd6 cxd6 7. c3 g6 8. O-O
Bg7 9. h3 O-O 10. Re1 a6 11. Bc4 Nf6 12. Bg5 b5 13. Bf1 Na5 14. Qe2 Re8 15. Qd2
Rc8 16. Na3 Bf5 17. Bd3 Bxd3 18. Qxd3 Nc4 19. Nxc4 Rxc4 20. Nd2 Rc6 21. Ne4 Nxe4
22. Qxe4 d5 23. Qd3 Qc7 24. Qf3 e6 25. Bf4 Qb7 26. Bd2 Rec8 27. Qd3 Qa7 28. Rab1
Rc4 29. a3 Qb6 30. Kf1 Qd6 31. Kg1 Qb6 32. Kh1 Qc7 33. Kg1 Qd7 34. Qe3 h6 35.
Qd3 a5 36. Kh1 Kh7 37. Kg1 Kg8 38. Kh1 Kh7 39. Kg1 b4 40. axb4 axb4 41. Red1 Qa7
42. Kh1 bxc3 43. Bxc3 Qc7 44. Re1 Qb6 45. Red1 Qb3 46. Kg1 Ra8 47. Rd2 Ra2 48.
Rbd1 Kg8 49. Kh1 Kh7 50. Kg1 Bf8 51. Rc1 Kg7 52. Kh1 Bb4 53. Qc2 Rxc3 54. bxc3
Rxc2 55. Rdxc2 Ba3 56. Kg1 Bxc1 57. Rxc1 Qb2 58. Rd1 Qxc3 59. Kf1 Qc2 60. Ke1
Qe4+ 61. Kf1 Kf6 62. Kg1 Qe2 63. Rb1 Qd2 64. Rf1 Qxd4 65. Re1 e5 66. Re3 Ke6 67.
Ra3 e4 68. Ra6+ Kf5 69. Ra3 h5 70. Re3 g5 71. Rg3 g4 72. hxg4+ hxg4 73. Ra3 Qd1+
74. Kh2 Qd2 75. Rg3 Qxf2 76. Ra3 Qf4+ 77. Rg3 e3 78. Kg1 Qxg3 79. Kf1 Qf2# 0-1